The structure and evolution of neutron stars : Conference proceedings
Contents: Structure and dynamics behavior; formation; magnetic and thermal evolution; perspectives; ptogram and list of participants.
Đã lưu trong:
| Định dạng: | Sách |
|---|---|
| Ngôn ngữ: | Undetermined |
| Được phát hành: |
New York
Addison-Wesley Publishing Comapy
1992
|
| Những chủ đề: | |
| Các nhãn: |
Thêm thẻ
Không có thẻ, Là người đầu tiên thẻ bản ghi này!
|
| Thư viện lưu trữ: | Trung tâm Học liệu Trường Đại học Cần Thơ |
|---|
| LEADER | 00711nam a2200193Ia 4500 | ||
|---|---|---|---|
| 001 | CTU_148847 | ||
| 008 | 210402s9999 xx 000 0 und d | ||
| 082 | |a 523.8 | ||
| 082 | |b S927 | ||
| 245 | 4 | |a The structure and evolution of neutron stars : | |
| 245 | 0 | |b Conference proceedings | |
| 245 | 0 | |c D.Pines, R.Tamagaki, S. Tsuruta edited by | |
| 260 | |a New York | ||
| 260 | |b Addison-Wesley Publishing Comapy | ||
| 260 | |c 1992 | ||
| 520 | |a Contents: Structure and dynamics behavior; formation; magnetic and thermal evolution; perspectives; ptogram and list of participants. | ||
| 650 | |a Neutron stars,Vật lý Neutơn | ||
| 904 | |i Tuyến | ||
| 980 | |a Trung tâm Học liệu Trường Đại học Cần Thơ | ||